| 000 | 00316 a2200121 4500 | ||
|---|---|---|---|
| 001 | 13221 | ||
| 082 | _a621.38132 PED | ||
| 090 |
_c10219 _d10219 |
||
| 100 | _aPedro, J.C | ||
| 245 | _aIntermodulation Distortion in Microwave and Wireless circuits | ||
| 260 |
_alondon _bArtech House _c2003 |
||
| 300 | _axiv, 432 | ||
| 942 |
_aNUST-CAE _k621.38132 PED |
||
| 999 |
_c248294 _d248294 |
||